| 000 | 00463nam a2200157 4500 | ||
|---|---|---|---|
| 001 | 148764 | ||
| 003 | ES-MaACL | ||
| 005 | 20230906202808.0 | ||
| 007 | t| | ||
| 008 | 070214s1968 sp r ||||1| spa d | ||
| 100 | 1 |
_aSuay, Francisco. _9108677 |
|
| 245 | 1 | 3 |
_aEl black-bass _b: vida costumbres y pesca / _cFrancisco Suay. |
| 260 |
_aBarcelona : _bHispano Europea, _c1968. |
||
| 300 |
_a240 p., 2 lám. : _bil. ; _c21 cm. |
||
| 852 |
_aES-MaACL _jC-36946 _bR.67335 |
||
| 999 |
_c148764 _d148764 |
||